Statystyki dla Zgadnij tytuł książki po głównym bohaterze #2

Kliknij tutaj aby rozwiązać quiz!

Ogólne statystyki

  • Ten quiz został rozwiązany 1 244 razy
  • Średni wynik to 8 z 12

Statystyki odpowiedzi

Główny bohaterTytuł książki% Poprawnych
Hermiona GrangerHarry Potter
92%
Jacek SoplicaPan Tadeusz
91%
Bilbo BagginsHobbit, czyli tam i z powrotem
87%
Cześnik RaptusiewiczZemsta
86%
Stary rybak SantiagoStary człowiek i morze
76%
Izabela ŁęckaLalka
75%
Stanisław TarkowskiW pustyni i w puszczy
67%
Jan BytnarKamienie na szaniec
66%
Edward CullenZmierzch
49%
Piotr PevensieOpowieści z Narnii
41%
Świnia NapoleonFolwark zwierzęcy
37%
Herkules PoirotDwanaście prac Herkulesa
19%

Rozkład punktacji

Percentyl według liczby udzielonych odpowiedzi

Procent ludzi z każdym wynikiem

Twoja historia wyników

Nie rozwiązałeś tego quizu